000 01069cam a22002411i 4500
003 SA-RiAUC
005 20260420120650.0
008 260419s2006 le g 000 0 ara c
040 _aSA-JeALM
_bara
_cSA-RiAUC
_erda
082 0 4 _a237.3
_qSA-RiAUC
090 _a237.3
_bد ا ر
110 _aدار الأصول - قسم التحقيق العلمي
210 _aدار الأصول - قسم التحقيق العلمي
245 1 2 _aربيع الأسرار في دعوات وتحصينات النبي المختار صلى الله عليه وسلم والسلف الصالحين الأخيار /
_cجمع وترتيب قسم التحقيق العلمي بدار الأصول .
250 _aالطبعة الأولى.
264 1 _aتريم - حضرموت اليمن :
_bدار الأصول،
_c2011
300 _a576 صفحة ؛
_c14 سم.
336 _aنص
_btxt
_2rdacontent
_3كتاب
337 _aبدون وسيط
_bn
_2rdamedia
650 7 _aالأدعية والأوراد
_2aucsh
942 _2ddc
_cBOOK
_n0
949 _aSA-JeALM
_d260419
_uosman123
_n1
999 _c14847
_d14847